000 00734nam a2200193 a 4500
001 000040418
005 20201002034124.0
008 130823s2006 mx 000 0 spa d
020 _a9703228348
040 _aDO-SdBNP
_bspa
_cBNPHU
100 1 _aBriseño Sierra, Humberto
_966716
245 1 0 _aAnálisis de la cosa juzgada /
_cHumberto Briseño Sierra,.
260 _aMéxico :
_bUniversidad Nacional Autónoma de México,
_c2006.
300 _a64 p. ;
_c21 cm.
490 1 _aLecturas jurídicas
_aManuales jurídicos
_v27
504 _aIncluye referencias bibliográficas y notas al pie de las páginas
710 2 _aUniversidad Nacional Autónoma de México,
_942447
830 0 _aLecturas jurídicas
_pManuales jurídicos
_v27
_966717
999 _c39908
_d39908